| 000 | 00376nam a22001457a 4500 | ||
|---|---|---|---|
| 003 | MACL | ||
| 005 | 20170618122851.0 | ||
| 008 | 170618b xxu||||| |||| 00| 0 eng d | ||
| 040 | _cMACL | ||
| 100 |
_aGupta, Gauri Shankar _917050 |
||
| 245 | _aUnraveling Mysteries of Life | ||
| 260 |
_aNew Delhi _bStar Publication _c2014 |
||
| 650 |
_aPhilosophy _967573 |
||
| 942 |
_2ddc _cBK |
||
| 999 |
_c56593 _d56593 |
||